000 01087nam a22002777a 4500
001 7706
003 FISKH
005 20250731142951.0
008 250731b cb ||||| |||| 00| 0 eng d
040 _aFISKH
_beng
_cFISKH
_dFISKH
050 _aPZ7.M64
082 _a823.912
100 _aMilne, A. A.
245 _aKanga and baby Roo come to the forest /
_cA. A. Milne ; With decorations by Ernest H. Shepard
250 _aThis edition published in 1993.
260 _aNew York :
_bPenguin Books,
_c1926.
300 _a32 unnumbered pages :
_bcolor illustrations ;
_c20 cm
505 _aM
520 _aKanga and Baby Roo are the newest inhabitants of the Hundred Acre Wood, and Rabbit isn't sure he likes it. His plan to capture Baby Roo should set things right, if Piglet can bravely play his part, but it is hard to be brave when you are a very small animal ...
521 8 _a530
_bLexile estimate
521 8 _aM
_bRaz-Plus
650 _aChildren's literature
_vJuvenile
700 _aShepard, Ernest H.
_eillustrator
942 _2ddc
_cBK
_n0
999 _c7706
_d7706